000 00494nam a2200181 a 4500
001 0323
005 20140414131855.0
008 040909s19uu xx 00 eng d
020 _a1-865042129
050 _aM 920.71
_bVi71 1999
245 _aBig book of villains masks (The) /
_cillustrations Steve Noon.
260 _aAustralia :
_bScholastic Australia Pty.,
_c1999.
300 _a1 v.p. : ill. ; cm.
650 _aBiography,Men.
999 _c110409
_d110409